Novyj putivnyk na šljachu do džerel

Bibliographic Details
Main Author: Nazaruk, Vasyl' (Author)
Format: Article
Language:Slovak
Ukrainian
Subjects:

MARC

LEADER 00000nab a2200000 a 4500
001 vtls009000281
003 SK-MaSNL
005 20260304164731.0
008 250507c2007 xo qr p 000 c0slo
015 |a SNBRB2007/06 
035 |a (uuid)bf2302f6-25f2-4251-83b2-fd77a1d42d41 
035 |a urn:nbn:sk:snk-abc1sp 
035 |a (urnnbn)urn:nbn:sk:snk:ar-001agz 
038 |a SVKPOCL 
040 |a SNKBUCL  |b slo  |c SNKBUCL  |e AACR2 
041 0 |a ukr 
044 |a xo  |c SK 
080 |a 821.161.2 (091)"8/17":371.671  |2 2001 
080 |a 371.671  |2 2001 
100 1 |a Nazaruk, Vasyl'  |4 aut  |9 1494012 
245 1 0 |a Novyj putivnyk na šljachu do džerel  |c Vasyl' Nazaruk 
600 1 7 |a Soboľ, Valentyna  |t Do džerel. Istorija ukrajins'koji literatury IX-XVIII st.  |x učebnice  |x prezentácie  |2 svkpocl  |9 1494013 
648 7 |a 9.-18. stor.  |2 svkpocl  |9 316314 
650 0 7 |a ukrajinská literatúra  |x dejiny  |x učebnice  |x prezentácie  |2 svkpocl  |9 1494014 
651 7 |a Poľsko  |2 svkpocl  |9 16755 
655 7 |a učebnice  |2 svkpocl  |9 22521 
773 0 |t Duklja  |g Rič. 55 , No 1 (2007), s. 82-85 
850 |a Slovenská národná knižnica 
852 |a Slovenská národná knižnica 
958 |a article15 
958 |a UK 
958 |a LX 
958 |a PL 
958 |a SK 
958 |a OND 
958 |a EUIPO 
999 |c 2981321  |d 2983251